[Event "Tourn. n10145"]
[Site "www.echecsemail.com"]
[Date "2019.08.10"]
[Round "1"]
[White "Conde7"]
[Black "Pdebonis"]
[WhiteElo "2830"]
[BlackElo "2730"]
[Result "1-0"]
[Round "1"]
1.e4 e5
2.Ng1f3 Nb8c6
3.d4 exd4
4.Nf3xd4 Ng8f6
5.Nd4xc6 bxc6
6.e5 Qd8e7
7.Qd1e2 Nf6d5
8.c4 Bc8a6
9.b3 Qe7h4
10.a3 Bf8c5
11.g3 Bc5xf2
12.Qe2xf2 Qh4e4
13.Kd1 Qe4xh1
14.Nb1d2 Nd5c3
15.Kc2 Nc3e4
16.Nd2xe4 Qh1xe4
17.Bf1d3 Qe4g4
18.Bd3f5 Qg4h5
19.h4 f6
20.exf6 gxf6
21.Bc1b2 O-O-O
22.Bb2xf6 Kb8
23.Ra1f1 Qh5e8
24.g4 d5
25.Bf6xd8 Qe8xd8
26.Bf5d3 Rh8e8
27.Qf2f6 Qd8d7
28.Qf6f7 Qd7d8
29.g5 Kb7
30.h5 { resign }
1-0

[Event "Tourn. n10181"]
[Site "www.echecsemail.com"]
[Date "2019.08.10"]
[Round "1"]
[White "Fereike"]
[Black "Hansen"]
[WhiteElo "1610"]
[BlackElo "1720"]
[Result "0-1"]
[Round "1"]
1.d4 g6
2.g3 e6
3.Bf1g2 h5
4.c4 c6
5.e4 b5
6.b3 Qd8a5
7.Bc1d2 b4
8.Ng1e2 Bc8b7
 { time }
0-1

[Event "Tourn. n10107"]
[Site "www.echecsemail.com"]
[Date "2019.08.10"]
[Round "1"]
[White "Cal"]
[Black "Iko"]
[WhiteElo "1600"]
[BlackElo "1820"]
[Result "1-0"]
[Round "1"]
1.Ng1f3 d5
2.d4 Nb8c6
3.a3 Bc8g4
4.e3 Qd8d6
5.Bf1e2 O-O-O
6.Nb1c3 Qd6g6
7.h3 Bg4xf3
8.Be2xf3 e5
9.Nc3xd5 Rd8e8
10.c4 e4
11.Nd5f4 Qg6f5
12.O-O exf3
13.Qd1xf3 g5
14.g4 Qf5d3
15.Nf4xd3 Re8e6
16.Qf3xf7 Nc6d8
17.Qf7xf8 Re6f6
18.Qf8g7 Ng8h6
19.Qg7xf6 Nh6f7
20.Qf6f5 Kb8
21.Qf5d7 Nf7d6
22.b3 Nd6e4
23.Nd3b4 Ne4c3
24.Bc1d2 Nc3e2
25.Kg2 Nd8c6
26.Nb4xc6 bxc6
27.Qd7xc6 Rh8e8
28.Rf1e1 Re8d8
29.Re1xe2 Rd8d6
30.Qc6e8 Kb7
31.c5 Rd6f6
32.d5 h6
33.b4 Rf6a6
34.c6 Kb6
35.Qe8b8 
1-0

[Event "1/64 Finale"]
[Site "www.chess-mail.com"]
[Date "2019.08.10"]
[Round "1"]
[White "Jerome"]
[Black "Bojan"]
[WhiteElo "2420"]
[BlackElo "1960"]
[Result "1-0"]
[Round "1"]
1.e4 e5
2.Ng1f3 d6
3.d4 Bc8g4
4.dxe5 Bg4xf3
5.Qd1xf3 dxe5
6.Bf1c4 Qd8f6
7.Qf3b3 b6
8.Nb1c3 Bf8c5
9.O-O Ng8e7
10.Nc3b5 Nb8a6
11.Qb3a4 Qf6c6
12.Qa4xa6 Bc5xf2
13.Rf1xf2 Qc6xc4
14.Nb5d6 { resign }
1-0

[Event "Tourn. n10157"]
[Site "www.echecsemail.com"]
[Date "2019.08.11"]
[Round "1"]
[White "Kevinking"]
[Black "Odin"]
[WhiteElo "1900"]
[BlackElo "1810"]
[Result "0-1"]
[Round "1"]
1.d4 d5
2.Ng1f3 e6
3.Bc1g5 Bf8e7
4.Bg5f4 Ng8f6
5.e3 Nb8d7
6.c4 c6
7.Nb1c3 O-O
8.Bf1d3 dxc4
9.Bd3xc4 Nf6d5
10.Bf4e5 Nd7xe5
11.Nf3xe5 Be7h4
12.O-O b5
13.Bc4d3 Bc8a6
14.Nc3xd5 cxd5
15.Ra1c1 Ba6b7
16.Bd3xb5 Qd8a5
17.Qd1b3 Ra8b8
18.Qb3a4 Qa5xa4
19.Bb5xa4 Bb7a6
20.Rf1e1 Rb8xb2
21.Ba4b3 Bh4xf2
{ resign }
0-1

[Event "Match"]
[Site "www.echecsemail.com"]
[Date "2019.08.11"]
[Round "1"]
[White "Fereike"]
[Black "Dussek"]
[WhiteElo "1399"]
[BlackElo "1910"]
[Result "0-1"]
[Round "1"]
1.d4 f5
2.Nb1c3 Ng8f6
3.Bc1g5 d5
4.Bg5xf6 gxf6
5.e3 Bc8e6
6.Qd1h5 Be6f7
7.Qh5xf5 e6
8.Qf5h3 Nb8c6
9.O-O-O Qd8e7
10.Bf1b5 Qe7d6
11.Ng1f3 O-O-O
12.Bb5xc6 Qd6xc6
13.Kb1 Kb8
14.Rh1e1 Bf7g6
15.Nf3h4 Bg6h5
16.f3 Bh5e8
17.e4 dxe4
18.fxe4 Be8d7
19.Qh3f3 Bf8e7
20.g3 Qc6b6
21.Nh4g2 a5
22.Ng2e3 Rh8g8
23.d5 Be7a3
24.Ne3c4 Qb6b4
25.Nc4xa3 e5
26.Qf3d3 Bd7g4
27.Rd1c1 Rd8d6
 { time }
0-1

[Event "Tourn. n10139"]
[Site "www.echecsemail.com"]
[Date "2019.08.11"]
[Round "1"]
[White "Osopanda"]
[Black "Fereike"]
[WhiteElo "1470"]
[BlackElo "1399"]
[Result "1-0"]
[Round "1"]
1.e4 c5
2.Ng1f3 Nb8c6
3.c3 d5
4.exd5 Qd8xd5
5.d4 cxd4
6.cxd4 Ng8f6
7.Nb1c3 Qd5d8
8.Bf1c4 e6
9.O-O Bf8e7
10.Rf1e1 O-O
11.Bc1f4 Nf6d5
12.Nc3xd5 exd5
13.Bc4d3 Be7d6
14.Bf4xd6 Qd8xd6
15.h3 h6
16.Nf3e5 Bc8e6
17.Bd3c2 Nc6xe5
18.dxe5 Qd6d7
19.Qd1d4 Rf8c8
20.Qd4d3 Rc8c5
21.Qd3h7 Kf8
22.Bc2b3  { time }
1-0

[Event "Tourn. n10171"]
[Site "www.echecsemail.com"]
[Date "2019.08.11"]
[Round "1"]
[White "Osopanda"]
[Black "Fereike"]
[WhiteElo "1490"]
[BlackElo "1599"]
[Result "1-0"]
[Round "1"]
1.e4 c5
2.Ng1f3 Nb8c6
3.c3 e5
4.d4 cxd4
5.cxd4 exd4
6.Nf3xd4 Qd8f6
7.Bc1e3 Bf8b4
8.Nb1c3 Ng8e7
9.Bf1b5 O-O
10.O-O a6
11.Bb5e2 b5
12.Nc3d5 Qf6g6
13.Qd1b3 Nc6xd4
14.Nd5xe7  { time }
1-0

[Event "Match"]
[Site "www.echecsemail.com"]
[Date "2019.08.11"]
[Round "1"]
[White "Ericleo1980"]
[Black "Ditto"]
[WhiteElo "1930"]
[BlackElo "1880"]
[Result "1/2-1/2"]
[Round "1"]
1.e4 e5
2.Ng1f3 Nb8c6
3.Bf1b5 Bf8c5
4.c3 d6
5.O-O Bc8g4
6.d3 a6
7.Bb5a4 Ra8b8
8.Rf1e1 b5
9.Ba4c2 h6
10.b4 Bc5b6
11.a4 Qd8f6
12.Nb1d2 Ng8e7
13.axb5 axb5
14.Qd1e2 Ne7g6
15.Bc2d1 { draw }
1/2-1/2

[Event "Tourn. n10058"]
[Site "www.echecsemail.com"]
[Date "2019.08.11"]
[Round "1"]
[White "Seger"]
[Black "Ejner"]
[WhiteElo "2760"]
[BlackElo "2460"]
[Result "1-0"]
[Round "1"]
1.d4 e6
2.e4 d5
3.Bf1d3 dxe4
4.Bd3xe4 Ng8f6
5.Be4d3 c5
6.Ng1f3 Nb8c6
7.dxc5 Bf8xc5
8.O-O O-O
9.Nb1c3 Nc6b4
10.Bd3e2 Qd8xd1
11.Be2xd1 b6
12.a3 Nb4c6
13.b4 Bc5e7
14.Bd1e2 Bc8b7
15.Bc1b2 Ra8c8
16.Rf1d1 Rf8d8
17.Nc3a4 Rd8xd1
18.Ra1xd1 Rc8d8
19.Rd1xd8 Nc6xd8
20.Nf3d4 Nf6d7
21.f4 Be7f6
22.g3 Nd8c6
23.Nd4b3 Bf6xb2
24.Na4xb2 e5
25.Nb2c4 Kf8
26.Be2g4 Nd7f6
27.Bg4f3 e4
28.Bf3e2 Bb7a6
29.Kf2 Ke7
30.Nc4e5 Ba6b7
31.Ne5xc6 Bb7xc6
32.Nb3d4 Bc6d7
33.Ke3 Kd6
34.c4 a5
35.h4 axb4
36.axb4 h6
37.Nd4b3 h5
38.Nb3d4 g6
39.Be2d1 Bd7c8
40.Nd4b5 Ke7
41.Nb5c3 Bc8b7
42.Kd4 Ke6
43.c5 bxc5
44.bxc5 Bb7c6
45.Bd1b3 Kf5
46.Bb3xf7 Kg4
47.Ke5 Kxg3
48.Kxf6 Kxf4
49.Bf7d5 Bc6d7
50.Nc3xe4 { resign }
1-0

[Event "Tourn. n10099"]
[Site "www.echecsemail.com"]
[Date "2019.08.11"]
[Round "1"]
[White "Drawlward"]
[Black "Pdebonis"]
[WhiteElo "2700"]
[BlackElo "2710"]
[Result "0-1"]
[Round "1"]
1.e4 c5
2.Nb1c3 Nb8c6
3.g3 g6
4.Bf1g2 Bf8g7
5.d3 d6
6.Bc1e3 e5
7.Qd1d2 Bc8e6
8.f4 Ng8e7
9.Ng1f3 Nc6d4
10.O-O O-O
11.Rf1f2 exf4
12.Be3xf4 Qd8b6
13.Ra1b1 Nd4xf3
14.Bg2xf3 Bg7d4
15.Bf4e3 Ne7c6
16.Bf3g2 Nc6e5
17.h3 Ra8c8
18.a3 a6
19.Nc3e2 Be6a2
20.Rb1c1 Bd4xe3
21.Qd2xe3 Qb6xb2
22.c4 Ba2b3
23.Ne2c3 Qb2xa3
24.Nc3d5 Ne5xd3
25.Rc1c3 Nd3xf2
26.Qe3h6 Qa3a1
27.Kxf2 f5
28.Nd5e7 Kf7
29.Qh6xh7 Ke8
30.Ne7xg6 fxe4
31.Bg2f3 Rf8xf3
32.Rc3xf3 Qa1d4
33.Rf3e3 Qd4f6
34.Ng6f4 Bb3c2
35.Qh7xb7 Rc8d8
36.Kg2 Kf8
37.Qb7h7 Rd8b8
38.Nf4g6 Ke8
39.Qh7g8 Kd7
40.Qg8xb8 Qf6xg6
41.Re3e2 Bc2d3
42.Qb8b7 Ke8
43.Re2b2 Bd3xc4
44.Qb7c8 Ke7
45.Rb2b7 Kf6
46.Qc8f8 Ke5
 { time }
0-1

[Event "Tourn. n10090"]
[Site "www.echecsemail.com"]
[Date "2019.08.11"]
[Round "1"]
[White "Hansen"]
[Black "Chessdna"]
[WhiteElo "1700"]
[BlackElo "1739"]
[Result "1-0"]
[Round "1"]
1.e4 g5
2.c3 d5
3.Qd1f3 c6
4.e5 g4
5.Qf3f4 Bf8h6
6.Qf4d4 f6
7.f3 Nb8d7
8.fxg4 Nd7xe5
9.Bf1e2 Qd8d6
10.b3 c5
11.Qd4f2 d4
12.Nb1a3 dxc3
13.dxc3 Ne5d3
14.Be2xd3 Qd6xd3
15.h3 Qd3xc3
16.Bc1d2 Qc3xa1
17.Ke2 Bh6xd2
18.Na3c2 Qa1xa2
19.Kxd2 Qa2xb3
20.Qf2xc5 Bc8d7
21.Ng1e2 Ra8c8
22.Qc5a3 Rc8xc2
23.Kd1 Qb3d3
24.Qa3xd3 Bd7a4
25.Ke1 Ng8h6
26.Ne2d4 Rc2c1
27.Kf2 Rc1xh1
28.Nd4e6 Rh1d1
29.Qd3a3 Rd1d2
30.Ke1 Rd2d6
31.Qa3xa4 Kf7
32.Ne6f4 a6
33.Qa4c4 Ke8
34.Qc4c8 Rd6d8
35.Qc8xb7 Nh6f7
36.Nf4e6 Rd8d7
37.Ne6g7 Kf8
38.Ng7e6 Ke8
39.Qb7c8 Rd7d8
40.Ne6c7 Kf8
41.Qc8e6 Kg7
42.Qe6xe7 Rd8d6
43.h4 Rh8d8
44.Nc7e6 Rd6xe6
45.Qe7xe6 Rd8d6
46.Qe6f5 h6
47.g5 fxg5
48.hxg5 Nf7xg5
49.Qf5e5 Rd6f6
50.Ke2 Kg6
51.Qe5d5 Rf6e6
52.Kf2 Re6f6
53.Ke1 Rf6e6
54.Kf2 h5
55.g3 Re6e4
56.Qd5c6 Kf5
57.Qc6d7 Re4e6
58.Qd7d4 Re6e4
59.Qd4d3 a5
60.Qd3d7 Re4e6
61.Qd7a4 Re6e4
62.Qa4xa5 Kg4
63.Qa5d8 Ng5h3
64.Kg2 Re4e2
65.Kh1 Kxg3
66.Qd8d3 Kf2
67.Qd3xh3 Re2e1
68.Kh2 Re1e3
69.Qh3g2 Ke1
70.Kg1 Kd1
71.Kf1 Re3e5
72.Qg2f3 Kc2
73.Qf3c6 Kd3
74.Kf2 h4
75.Qc6f3 Kc4
76.Qf3f4 Kd5
77.Qf4xh4 Re5f5
78.Ke3 Rf5e5
79.Kd3 Ke6
80.Kd4 Re5d5
81.Kc4 Rd5e5
82.Qh4h6 Kf5
83.Kd4 { resign }
1-0

[Event "Tourn. n10188"]
[Site "www.echecsemail.com"]
[Date "2019.08.12"]
[Round "1"]
[White "Galiany17"]
[Black "Conde7"]
[WhiteElo "2350"]
[BlackElo "2880"]
[Result "0-1"]
[Round "1"]
1.b3 e5
2.Bc1b2 d6
3.e3 Ng8f6
4.c4 g6
5.Nb1c3 Bf8g7
6.Ng1f3 c5
7.Bf1e2 O-O
8.O-O Rf8e8
9.d3 Nb8c6
10.Nf3d2 d5
11.cxd5 Nf6xd5
12.Nc3xd5 Qd8xd5
13.Qd1c1 b6
14.b4 Bc8b7
15.e4 Nc6d4
16.Bb2xd4 Qd5xd4
17.bxc5 Bg7h6
18.Ra1b1 Ra8c8
19.Nd2f3 Bh6xc1
20.Nf3xd4 Bc1a3
21.Nd4b3 Ba3xc5
22.Be2g4 Rc8c7
23.Nb3xc5 Rc7xc5
24.Rb1c1 Rc5xc1
25.Rf1xc1 Bb7a6
26.Bg4e2 f5
27.Kf1 fxe4
28.dxe4 Re8c8
29.Rc1xc8 Ba6xc8
30.Be2c4 Kf8
31.Ke2 g5
32.g3 g4
33.f4 gxf3
34.Kxf3 Bc8d7
35.g4 b5
36.Bc4d5 h6
37.a3 Ke7
38.h4 a5
39.Bd5b3 a4
40.Bb3a2 b4
41.axb4 Bd7e6
42.Ba2b1 Be6c4
43.Ke3 a3
44.Kf3 a2
45.Bb1xa2 Bc4xa2
46.b5 Ba2f7
47.Ke3 Kd6
48.g5 hxg5
{ resign }
0-1

[Event "Tourn. n10165"]
[Site "www.echecsemail.com"]
[Date "2019.08.12"]
[Round "1"]
[White "Drawlward"]
[Black "Ssharp"]
[WhiteElo "2720"]
[BlackElo "2330"]
[Result "0-1"]
[Round "1"]
1.e4 e6
2.d4 d5
3.Nb1c3 Bf8b4
4.e5 c5
5.a3 Bb4xc3
6.bxc3 Qd8c7
7.Qd1g4 f5
8.Qg4g3 Ng8e7
9.Qg3xg7 Rh8g8
10.Qg7xh7 cxd4
11.Ng1e2 dxc3
12.h4 Qc7xe5
13.Bc1g5 Nb8c6
14.f4 Qe5e3
 { time }
0-1

[Event "Tourn. n10185"]
[Site "www.echecsemail.com"]
[Date "2019.08.12"]
[Round "1"]
[White "Conde7"]
[Black "Galiany17"]
[WhiteElo "2870"]
[BlackElo "2370"]
[Result "1-0"]
[Round "1"]
1.a3 d5
2.d4 Bc8f5
3.c4 e6
4.Qd1b3 Nb8c6
5.Ng1f3 Nc6a5
6.Qb3a4 c6
7.c5 Ng8f6
8.Nb1d2 b5
9.Qa4d1 Bf8e7
10.e3 O-O
11.b3 Rf8e8
12.Bc1b2 Nf6d7
13.Bf1e2 Be7f6
14.Ra1c1 Qd8c7
15.O-O Na5b7
16.b4 a5
17.a4 axb4
18.axb5 Ra8a2
19.b6 Nd7xb6
20.Qd1b3 Re8a8
21.cxb6 Qc7xb6
22.e4 Bf5xe4
23.Nd2xe4 dxe4
24.Nf3d2 Bf6xd4
25.Nd2c4 Qb6c5
26.Bb2xd4 Qc5xd4
27.Qb3xb4 Nb7c5
28.Qb4b6 Ra8d8
29.Nc4e5 Nc5d3
30.Qb6xd4 Rd8xd4
31.Be2xd3 exd3
32.Ne5xc6 Rd4d6
33.Nc6b4 Ra2a8
34.Rf1d1 d2
35.Rc1c6 Rd6d4
36.Nb4c2 Rd4d7
37.Kf1 g5
38.Ke2 Ra8d8
39.Nc2e3 Kg7
40.Ne3c4 h5
41.Rd1xd2 Rd7xd2
42.Nc4xd2 Rd8a8
43.Nd2c4 Ra8a1
44.h3 Ra1a2
45.Ke3 g4
46.hxg4 hxg4
47.Nc4e5 g3
48.f4 Ra2xg2
49.Rc6c7 Rg2b2
50.Rc7xf7 Kg8
51.Rf7f6 g2
52.Rf6g6 Kf8
53.Kf3 Rb2b4
54.Rg6xg2 Rb4b3
55.Kg4 { resign }
1-0

[Event "Tourn. n10163"]
[Site "www.echecsemail.com"]
[Date "2019.08.12"]
[Round "1"]
[White "Malbertan"]
[Black "Scasan55"]
[WhiteElo "2040"]
[BlackElo "1960"]
[Result "1/2-1/2"]
[Round "1"]
1.e4 c5
2.Ng1f3 d6
3.d4 cxd4
4.Qd1xd4 Nb8c6
5.Bf1b5 Bc8d7
6.Bb5xc6 Bd7xc6
7.Nb1c3 Ng8f6
8.O-O h6
9.e5 dxe5
10.Qd4xe5 Bc6xf3
11.gxf3 e6
12.Bc1f4 Bf8e7
13.Ra1d1 Qd8b6
14.Qe5b5 Qb6xb5
15.Nc3xb5 O-O
16.Bf4e3 a6
17.Nb5c3 b5
18.Nc3e4 Nf6xe4
19.fxe4 Ra8c8
20.c3 Rf8d8
21.Be3b6 Rd8d6
22.Rd1xd6 Be7xd6
23.Rf1d1 Bd6e5
24.Rd1d7 a5
25.Rd7b7 b4
26.Bb6xa5 bxc3
27.Ba5xc3 Be5xc3
28.bxc3 Rc8xc3
29.a4 Rc3a3
30.Rb7a7 Kh7
31.a5 { draw }
1/2-1/2

[Event "Match"]
[Site "www.echecsemail.com"]
[Date "2019.08.12"]
[Round "1"]
[White "Gambitmiau"]
[Black "Sonny1000"]
[WhiteElo "1820"]
[BlackElo "1540"]
[Result "1-0"]
[Round "1"]
1.e4 e5
2.d4 d5
3.dxe5 d4
4.Bf1c4 Ng8h6
5.Bc1xh6 gxh6
6.Qd1f3 Qd8g5
7.Qf3xf7 Kd8
8.Qf7d5 Bc8d7
9.Nb1d2 Qg5xg2
10.Qd5f7 Qg2xh1
11.Qf7f6 Kc8
12.O-O-O Rh8g8
13.e6 Rg8xg1
14.Qf6xf8 Bd7e8
15.Qf8xe8 { resign }
1-0

[Event "Tourn. n10190"]
[Site "www.echecsemail.com"]
[Date "2019.08.13"]
[Round "1"]
[White "Foxy100"]
[Black "Galiany17"]
[WhiteElo "2480"]
[BlackElo "2390"]
[Result "1/2-1/2"]
[Round "1"]
1.e4 e5
2.Ng1f3 Nb8c6
3.Bf1b5 Ng8f6
4.O-O Nf6xe4
5.d4 Ne4d6
6.Bb5xc6 dxc6
7.dxe5 Nd6f5
8.Qd1xd8 Kxd8
9.Rf1d1 Ke8
10.Nb1c3 Nf5e7
11.h3 Ne7g6
12.Nc3e2 Bf8e7
13.Bc1e3 Kf8
14.Be3g5 Bc8e6
15.b3 h5
16.Ne2f4 Ng6xf4
17.Bg5xf4 c5
18.c4 Ra8e8
19.Rd1d2 b6
20.a4 a5
21.Ra1d1 h4
22.Kf1 Rh8h5
23.Nf3g1 g5
24.Bf4h2 c6
25.Ng1e2 Kg7
26.Ne2c3 Re8b8
27.Ke2 Rh5h8
28.f3 Rh8d8
29.Bh2g1 Rd8xd2
30.Rd1xd2 Rb8d8
{ draw }
1/2-1/2

[Event "Match"]
[Site "www.echecsemail.com"]
[Date "2019.08.13"]
[Round "1"]
[White "Mitja"]
[Black "Guidom"]
[WhiteElo "1860"]
[BlackElo "2060"]
[Result "0-1"]
[Round "1"]
1.d4 d5
2.c3 c6
3.e3 Ng8f6
4.h3 Bc8f5
5.Ng1e2 e6
6.Ne2g3 Bf5g6
7.b3 Bf8d6
8.Ng3e2 Qd8c7
9.Bc1b2 Nb8d7
10.Nb1d2 O-O
11.Nd2f3 Nf6e4
12.Nf3d2 Nd7f6
13.Nd2xe4 Nf6xe4
14.a4 a5
15.Bb2a3 Bd6xa3
16.Ra1xa3 c5
17.Ra3a1 cxd4
18.cxd4 Ra8c8
19.Ra1c1 Qc7b6
20.Rc1xc8 Rf8xc8
21.f3 Qb6b4
{ resign }
0-1

[Event "Tourn. n10121"]
[Site "www.echecsemail.com"]
[Date "2019.08.13"]
[Round "1"]
[White "D4minance"]
[Black "Seger"]
[WhiteElo "2570"]
[BlackElo "2820"]
[Result "1/2-1/2"]
[Round "1"]
1.d4 d5
2.c4 e6
3.Ng1f3 c5
4.cxd5 exd5
5.g3 Ng8f6
6.Bf1g2 c4
7.O-O Bf8e7
8.b3 cxb3
9.Qd1xb3 Nb8c6
10.Nb1c3 O-O
11.Bc1f4 a6
12.Bf4e5 Nc6a5
13.Qb3b1 g6
14.a4 Bc8e6
15.Nf3g5 Ra8c8
16.Ng5xe6 fxe6
17.Nc3a2 Rf8f7
18.Na2c1 Na5c4
19.Ra1a2 Be7f8
20.Be5f4 Bf8g7
21.Bf4g5 Qd8e8
22.Bg5xf6 Bg7xf6
23.e3 Kh8
24.Nc1d3 Rf7c7
25.h4 Bf6g7
26.Rf1e1 Qe8f7
27.Ra2c2 Rc8e8
28.e4 dxe4
29.Re1xe4 Nc4d6
30.Nd3e5 Qf7e7
31.Re4e1 Rc7xc2
32.Qb1xc2 Qe7d8
33.Qc2b3 Qd8c7
34.Bg2h3 Qc7a5
35.Re1e3 b5
36.Bh3xe6 bxa4
37.Qb3a2 Re8f8
38.Kg2 Qa5b5
39.Be6d7 Qb5b7
40.Bd7c6 Qb7b4
41.Qa2d5 Nd6f5
42.Re3e2 Qb4b3
43.Qd5d7 Qb3d1
44.Re2e4 Bg7xe5
45.dxe5 Qd1c2
46.e6 Nf5e7
47.Qd7d4 Kg8
48.Bc6b7 Qc2b3
49.Bb7xa6 Qb3f3
50.Kg1 Ne7f5
51.Qd4d3 Qf3xd3
52.Ba6xd3 Rf8a8
53.e7 Ra8e8
54.g4 Nf5d6
55.Re4xa4 Re8xe7
56.Kg2 Kg7
57.Kg3 Nd6f7
58.Bd3b1 { draw }
1/2-1/2

[Event "Match"]
[Site "www.echecsemail.com"]
[Date "2019.08.13"]
[Round "1"]
[White "Tonino1"]
[Black "Estonia"]
[WhiteElo "2170"]
[BlackElo "1990"]
[Result "1-0"]
[Round "1"]
1.f4 f5
2.d4 d5
3.e3 e6
4.Ng1f3 c5
5.c3 Nb8c6
6.Bf1d3 c4
7.Bd3c2 Ng8f6
8.Nb1d2 Bf8e7
9.O-O O-O
10.Nf3e5 Nc6xe5
11.fxe5 Nf6e4
12.Nd2xe4 fxe4
13.Rf1xf8 Qd8xf8
14.Qd1e2 Bc8d7
15.Bc1d2 Be7g5
16.Ra1f1 Qf8e7
17.Qe2g4 Bg5h6
18.Rf1f6 Kh8
19.Rf6f1 Ra8f8
20.Rf1xf8 Qe7xf8
21.Bc2d1 Qf8e7
22.h4 Bd7e8
23.Qg4h3 g5
24.hxg5 Bh6xg5
25.Bd1g4 Be8d7
26.Bd2c1 Kg7
27.Qh3h5 h6
28.Kf1 Bd7e8
29.Qh5h3 Qe7f7
30.Ke2 h5
31.Bg4xe6 Qf7e7
32.Be6xd5 b5
33.Qh3e6 Qe7xe6
34.Bd5xe6 h4
35.b3 Be8h5
36.Kf2 Bh5f7
37.Be6xf7 Kxf7
38.g3 hxg3
39.Kxg3 Ke6
40.bxc4 bxc4
41.Kg4 Bg5e7
42.Kf4 Be7f8
43.Kxe4 Bf8h6
44.d5 Kd7
45.Kd4 Bh6g7
46.e4 Kc7
47.Bc1f4 { resign }
1-0

[Event "1/16 Finale"]
[Site "www.chess-mail.com"]
[Date "2019.08.13"]
[Round "1"]
[White "Asoka"]
[Black "Gandalf50"]
[WhiteElo "2750"]
[BlackElo "2360"]
[Result "1-0"]
[Round "1"]
1.a3 e5
2.c4 c6
3.d4 exd4
4.Qd1xd4 Qd8f6
5.Qd4d1 g6
6.Nb1c3 Bf8g7
7.Nc3e4 Qf6e7
8.Ne4d6 Kd8
9.Ra1b1 Ng8f6
10.Bc1f4 Nb8a6
11.Ng1f3 Na6c7
12.h4 Nf6e4
13.e3 Nc7e6
14.Bf4h2 Ne6c5
15.Bf1e2 a5
16.O-O f5
17.Nd6xe4 Nc5xe4
18.Qd1c2 h6
19.Rf1d1 g5
20.Nf3d2 gxh4
21.Nd2xe4 fxe4
22.Bh2d6 Qe7e6
23.c5 h3
24.g3 Bg7e5
25.Be2c4 Qe6f5
26.f4 Be5xd6
27.cxd6 Rh8f8
28.Kh2 b6
29.Rd1d4 Bc8a6
30.Bc4xa6 Ra8xa6
31.Qc2xe4 Qf5xe4
32.Rd4xe4 a4
33.Kxh3 Ra6a5
34.Rb1d1 Rf8g8
35.g4 Rg8e8
36.Rd1d4 Re8f8
37.Rd4xa4 Rf8f6
38.Ra4xa5 bxa5
39.Re4d4 Rf6e6
40.Rd4d3 Ke8
41.Kg3 Kf7
42.f5 Re6e8
43.Kf4 Re8b8
44.Rd3d2 Rb8b5
45.e4 { resign }
1-0

[Event "Tourn. n10121"]
[Site "www.echecsemail.com"]
[Date "2019.08.14"]
[Round "1"]
[White "Seger"]
[Black "Aperturaf"]
[WhiteElo "2820"]
[BlackElo "2740"]
[Result "1/2-1/2"]
[Round "1"]
1.d4 e6
2.e4 d5
3.Nb1c3 Ng8f6
4.Bc1g5 Bf8b4
5.e5 h6
6.Bg5d2 Bb4xc3
7.Bd2xc3 Nf6e4
8.Bc3d2 c5
9.Bd2e3 cxd4
10.Be3xd4 Qd8c7
11.f3 Ne4c5
12.f4 b6
13.Ng1f3 O-O
14.Bf1b5 Nb8c6
15.O-O Nc6e7
16.Bd4e3 Bc8a6
17.a4 Ne7f5
18.Be3f2 Ba6xb5
19.axb5 a5
20.g4 Nf5e7
21.Bf2e3 Ra8c8
22.c3 a4
23.Nf3d4 Rc8a8
24.Qd1f3 f6
25.exf6 Rf8xf6
26.f5 e5
27.Nd4c6 e4
28.Qf3f4 Qc7xf4
29.Nc6xe7 Kf7
30.Be3xf4 Kxe7
31.Bf4e5 Nc5d3
32.Be5xf6 gxf6
33.Ra1a2 Ra8g8
34.h3 h5
35.Ra2xa4 Kd6
36.Rf1a1 hxg4
37.Ra4a8 Rg8g7
38.hxg4 Rg7xg4
39.Kh2 Rg4h4
40.Kg3 Rh4f4
41.Ra1a6 Kc5
42.Ra8b8 Rf4f3
43.Kh2 e3
44.Rb8xb6 Nd3e5
45.Rb6xf6 e2
46.Rf6c6 Ne5xc6
47.Ra6xc6 Kxb5
48.Rc6e6 Rf3xf5
49.Re6xe2 d4
{ draw }
1/2-1/2

[Event "Tourn. n10183"]
[Site "www.echecsemail.com"]
[Date "2019.08.14"]
[Round "1"]
[White "Nevaeh"]
[Black "Galiany17"]
[WhiteElo "2830"]
[BlackElo "2350"]
[Result "1-0"]
[Round "1"]
1.Ng1f3 d5
2.g3 g6
3.Bf1g2 Bf8g7
4.d4 Ng8f6
5.c4 dxc4
6.Nb1a3 c3
7.bxc3 O-O
8.O-O c5
9.Rf1e1 Nb8c6
10.Bc1b2 Bc8g4
11.h3 Bg4xf3
12.Bg2xf3 Qd8b6
13.Na3c4 Qb6b5
14.Qd1b3 Qb5xb3
15.axb3 cxd4
16.cxd4 Rf8d8
17.Bf3xc6 bxc6
18.Nc4a5 e6
19.Na5xc6 Rd8d7
20.b4 Rd7c7
21.Ra1a6 Nf6d7
22.Re1c1 Nd7b8
23.Ra6xa7 Ra8xa7
24.Nc6xa7 Rc7xc1
25.Bb2xc1 Bg7xd4
26.Na7b5 Nb8c6
27.Nb5xd4 Nc6xd4
28.Bc1b2 Nd4b5
29.Kg2 Kf8
30.Kf3 Ke7
31.Kf4 f6
32.Ke4 Nb5d6
33.Kd4 Kd7
34.Kc5 Nd6e4
35.Kb6 Ne4xf2
36.Bb2xf6 Kd6
37.b5 Nf2e4
38.Bf6g7 Ne4xg3
39.Ka7 Ng3f5
40.b6 Kd7
41.b7 Nf5e7
42.Bg7e5 Ne7c6
43.Kb6 { resign }
1-0

[Event "Tourn. n10175"]
[Site "www.echecsemail.com"]
[Date "2019.08.14"]
[Round "1"]
[White "Pariolinius"]
[Black "Cal"]
[WhiteElo "1870"]
[BlackElo "1700"]
[Result "1-0"]
[Round "1"]
1.e4 e5
2.Nb1c3 a6
3.Bf1c4 Ng8f6
4.d3 Bf8b4
5.Bc1d2 h6
6.f4 d6
7.f5 c5
8.Nc3d5 Bb4xd2
9.Qd1xd2 b5
10.Bc4b3 O-O
11.a3 Nb8c6
12.Ng1f3 Nf6g4
13.h3 Ng4f6
14.Nd5xf6 Qd8xf6
15.O-O-O a5
16.Bb3d5 Bc8b7
17.g4 Nc6d8
18.Bd5xb7 Nd8xb7
19.h4 a4
20.g5 hxg5
21.hxg5 Qf6d8
22.Qd2h2 f6
23.g6 d5
24.Qh2h8 { resign }
1-0

[Event "Match"]
[Site "www.echecsemail.com"]
[Date "2019.08.14"]
[Round "1"]
[White "Tonino1"]
[Black "Tarasch"]
[WhiteElo "2130"]
[BlackElo "2330"]
[Result "1-0"]
[Round "1"]
1.f4 Ng8f6
2.d4 d5
3.e3 Bc8g4
4.Ng1f3 Nf6e4
5.Bf1d3 Nb8d7
6.c3 e6
7.O-O Nd7f6
8.Nb1d2 Ne4xd2
9.Bc1xd2 Bf8d6
{ time. }
1-0

[Event "Match"]
[Site "www.echecsemail.com"]
[Date "2019.08.14"]
[Round "1"]
[White "Micheles"]
[Black "Fegatux"]
[WhiteElo "2560"]
[BlackElo "2300"]
[Result "1-0"]
[Round "1"]
1.d4 Ng8f6
2.Ng1f3 g6
3.Bc1g5 Bf8g7
4.Nb1d2 d5
5.e3 O-O
6.Bf1e2 Nb8d7
7.O-O c5
8.c3 b6
9.Nf3e5 Nd7xe5
10.dxe5 Nf6e8
11.e4 Bc8b7
12.exd5 Bb7xd5
13.Nd2c4 Ne8c7
14.Nc4e3 Bd5c6
15.f4 Rf8e8
16.Qd1e1 Nc7e6
17.Bg5h4 b5
18.f5 Ne6f8
19.a4 a6
20.Qe1f2 f6
21.Be2f3 Qd8c7
22.Ne3d5 Qc7b7
23.Qf2xc5 Ra8c8
24.axb5 Bc6xb5
25.Qc5a3 Bb5c6
26.Qa3a2 Kh8
27.exf6 exf6
28.Nd5xf6 Nf8d7
29.Nf6xe8  { time }
1-0

[Event "Match"]
[Site "www.echecsemail.com"]
[Date "2019.08.14"]
[Round "1"]
[White "Bjonil60"]
[Black "George64"]
[WhiteElo "1470"]
[BlackElo "1499"]
[Result "0-1"]
[Round "1"]
1.Ng1f3 d5
2.d4 c5
3.Nf3e5 e6
4.e3 a6
5.Qd1e2 h6
6.Nb1c3 Qd8f6
7.Ne5g4 Qf6f5
8.e4 Qf5g6
9.dxc5 Bf8xc5
10.Bc1f4 Nb8c6
11.O-O-O Ng8e7
12.exd5 Nc6d4
13.Qe2e5 Qg6xc2

0-1

[Event "Tourn. n10108"]
[Site "www.echecsemail.com"]
[Date "2019.08.14"]
[Round "1"]
[White "Dougbeer"]
[Black "Pdebonis"]
[WhiteElo "2600"]
[BlackElo "2710"]
[Result "1/2-1/2"]
[Round "1"]
1.e4 c5
2.d4 cxd4
3.c3 dxc3
4.Nb1xc3 Nb8c6
5.Ng1f3 d6
6.Bf1c4 a6
7.Bc1e3 e6
8.O-O Ng8f6
9.Qd1e2 Bc8d7
10.Rf1d1 Bf8e7
11.Be3f4 e5
12.Bf4g5 Bd7g4
13.Bg5e3 O-O
14.h3 Bg4d7
15.Nc3d5 Nf6xd5
16.Bc4xd5 Kh8
17.Ra1c1 Qd8e8
18.Qe2d2 f5
19.exf5 Bd7xf5
20.Be3g5 Be7xg5
21.Nf3xg5 Rf8f6
22.Rc1c3 h6
23.Ng5e4 Bf5xe4
24.Bd5xe4 Ra8d8
25.Qd2d5 Rd8d7
26.Qd5c4 Nc6d4
27.Be4d5 Rf6f8
28.f3 Qe8d8
29.Kh2 b5
30.Qc4d3 b4
31.Rc3c1 a5
32.Qd3a6 Qd8g5
33.Rc1c4 Nd4f5
34.Rc4g4 Qg5e7
35.Rg4e4 Rd7a7
36.Qa6e2 Qe7d8
37.f4 Ra7e7
38.Rd1e1 Qd8b6
39.Re1d1 Re7e8
40.fxe5 dxe5
41.a3 bxa3
42.bxa3 Qb6b8
43.Qe2e1 Nf5d6
44.Re4g4 Rf8f6
45.Bd5c6 Re8c8
46.Bc6d5 Qb8b6
47.Qe1xe5 Rc8e8
{ draw }
1/2-1/2

[Event "Tourn. n10176"]
[Site "www.echecsemail.com"]
[Date "2019.08.14"]
[Round "1"]
[White "Bigrezi"]
[Black "Galiany17"]
[WhiteElo "2080"]
[BlackElo "2259"]
[Result "0-1"]
[Round "1"]
1.e4 e5
2.Ng1f3 Ng8f6
3.Nf3xe5 d6
4.Ne5f3 Nf6xe4
5.d4 d5
6.Bf1e2 Bf8d6
7.c4 O-O
8.cxd5 Bd6b4
9.Nb1d2 Qd8xd5
10.O-O Ne4xd2
11.Nf3xd2 Qd5xd4
12.a3 Bb4e7
13.Nd2f3 Qd4xd1
14.Rf1xd1 Be7f6
15.Nf3d4 c6
16.Bc1f4 Nb8d7
17.Ra1c1 Nd7b6
18.Bf4c7 Nb6d5
19.Bc7g3 Rf8d8
20.Rc1c2 Nd5e7
21.Rc2d2 Ne7f5
22.Nd4xf5 Bc8xf5
23.h3 Rd8xd2
24.Rd1xd2 Bf5e6
25.Bg3c7 Be6d5
26.Kh2 Ra8e8
27.Kg3 g5
28.Kh2 h6
29.Be2g4 Kg7
30.b4 Kg6
31.Bc7d6 Bf6e5
32.Bd6xe5 Re8xe5
33.Rd2d3 h5
34.Bg4d1 f5
35.Bd1b3 f4
36.Bb3xd5 Re5xd5
37.Rd3b3 h4
38.Kg1 Rd5d1
39.Kh2 a6
40.Rb3c3 Rd1f1
41.Rc3c2 Kf6
42.Rc2a2 Rf1d1
43.Ra2c2 Rd1d3
44.Rc2a2 Ke5
45.Ra2e2 Kd4
46.Re2e7 b5
47.Re7d7 Kc4
48.Rd7c7 Rd3xa3
49.Rc7xc6 Kxb4
50.f3 a5
51.Rc6g6 a4
52.Rg6xg5 Ra3d3
53.Rg5g4 Kb3
54.Rg4xh4 a3
55.Rh4xf4 a2
{ resign }
0-1